| 000 | 00734nam a2200181 i 4500 | ||
|---|---|---|---|
| 001 | 81133 | ||
| 003 | ES-MaACL | ||
| 005 | 20230906174357.0 | ||
| 007 | t| | ||
| 008 | 041103s1949 sp ||||1| spa d | ||
| 100 | 1 |
_aHoyos Sáinz, Luis de, _d1868-1951 _964437 |
|
| 245 | 1 | 0 |
_aEnsayo del tetraedro facial, y su aplicación a una región antropológica española / _cpor Luis de Hoyos Sáinz. |
| 260 |
_aMadrid : _b[s.n., _c1949] ( _fC. Bermejo) |
||
| 300 |
_a47 p., 3 lám. : _bil. ; _c27 cm. |
||
| 500 | _aEs separata de: Publicaciones de la Real Academia de Ciencias Exactas, Físicas y Naturales de Madrid. Tom. I: Trabajos de los Académicos Numerarios. | ||
| 852 |
_aES-MaACL _j1908-F-1 _bR.29202 |
||
| 999 |
_c81133 _d81133 |
||